Probability concepts in school pupils aged 11-16 years /
Saved in:
| Main Author: | |
|---|---|
| Format: | Thesis Book |
| Language: | English |
| Published: |
1982
|
| Subjects: | |
| Tags: |
Add Tag
No Tags, Be the first to tag this record!
|
| LEADER | 00875cam a2200265 a 4500 | ||
|---|---|---|---|
| 001 | u33500 | ||
| 003 | SIRSI | ||
| 008 | 840607s1982 uk v 00 eng | ||
| 015 | |a X840004197 | ||
| 035 | |a AAD-6086 | ||
| 040 | |a UMM | ||
| 043 | |a e-uk--- | ||
| 050 | 0 | |a LB1646.G7 | |
| 090 | 0 | 0 | |a LB1646 |b G7Gre |
| 100 | 1 | 0 | |a Green, David, |d 1941- |
| 245 | 1 | 0 | |a Probability concepts in school pupils aged 11-16 years / |c by David Robert Green |
| 260 | |c 1982 | ||
| 300 | |a vi, 441 leaves : |b ill. ; |c 30cm. | ||
| 502 | |a Thesis (Ph.D.) - Loughborough University of Technology, 1982 | ||
| 504 | 0 | 0 | |a Bibliography: leave 367-379 |
| 650 | 0 | |a Probabilities |x Textbooks |x Study and teaching, (Secondary) |z Great Britain | |
| 650 | 0 | |a Concept learning. | |
| 948 | |a 16/03/1991 |b 14/08/2002 | ||
| 596 | |a 1 | ||
| 999 | |a LB1646 G7GRE |w LC |c 1 |i A002700581 |d 23/5/2002 |l STACKS |m P01UTAMA |n 2 |r Y |s Y |t TESIS |u 22/1/1992 | ||
